000 00582nam a22002057a 4500
005 20260216100907.0
008 260216b |||||||| |||| 00| 0 eng d
020 _a9788179927885
037 _cTB
040 _aCRL
_cCRL
084 _aS:65 Q9
_qCRL
100 _aMaxwell, John C.
_91115984
245 _aBe all you can be
260 _aMumbai, india:
_bJaico publishing house,
_c2008.
300 _a191p.
365 _b399
_cINR
650 _aBe all you can be
_91115985
942 _2CC
_cTB
_hS:65 Q9
_n0
999 _c1679722
_d1679722